Miért nem magyarosodott el Cristian Bercea
Elmentve itt :
| Szerző: | |
|---|---|
| Adatforrás: | Meister |
| Forrásdokumentuma: | A Hét. - 36 sz., 1997, 5 p. |
| Nyelv: | magyar |
| Kulcsszavak: | politikai publicisztika magyarosítás magyar-román kapcsolatok Székelyföld |
| LEADER | 00440nab a2200157 i 4500 | ||
|---|---|---|---|
| 001 | bibPRO00007203 | ||
| 008 | 060524s1997 xx hun | ||
| 040 | |a Sz1 | ||
| 041 | |a hun | ||
| 100 | 1 | |a FODOR Sándor | |
| 245 | 1 | 0 | |a Miért nem magyarosodott el Cristian Bercea |c FODOR Sándor |
| 695 | |a politikai publicisztika | ||
| 695 | |a magyarosítás | ||
| 695 | |a magyar-román kapcsolatok | ||
| 695 | |a Székelyföld | ||
| 773 | 0 | |t A Hét. - |g 36 sz., 1997, 5 p. | |